Communication for Development (Record no. 397286)

MARC details
000 -LEADER
fixed length control field 00312 a2200133 4500
000 - LEADER
fixed length control field nam a22 7a 4500
100 ## - MAIN ENTRY--PERSONAL NAME
Personal name John Tuckey
110 ## - MAIN ENTRY--CORPORATE NAME
Corporate name or jurisdiction name as entry element John Tuckey
245 ## - TITLE STATEMENT
Title Communication for Development
250 ## - EDITION STATEMENT
Edition statement latest edition
260 ## - PUBLICATION, DISTRIBUTION, ETC.
Name of publisher, distributor, etc. bloomsbury
Date of publication, distribution, etc. 2022
264 ## - PRODUCTION, PUBLICATION, DISTRIBUTION, MANUFACTURE, AND COPYRIGHT NOTICE
Name of producer, publisher, distributor, manufacturer bloomsbury
Date of production, publication, distribution, manufacture, or copyright notice 2022
942 ## - ADDED ENTRY ELEMENTS (KOHA)
Koha item type Books
Holdings
Date last seen Total checkouts Barcode Cost, replacement price Price effective from Koha item type Lost status Source of classification or shelving scheme Damaged status Not for loan Withdrawn status Home library Current library Date acquired Source of acquisition Cost, normal purchase price
28/03/2026   450039 4023.06 28/03/2026 Books   Dewey Decimal Classification       VIVEKANANDA LIBRARY VIVEKANANDA LIBRARY 28/03/2026 1 2816.14
© Designed and Maintained by Vivekananda Library, MDU Rohtak